Academia knightley (Record no. 62120)

MARC details
000 -LÍDER
campo de controle de tamanho fixo 00349 a2200157 4500
001 - NÚMERO DE CONTROLE
campo de controle 62120
020 ## - ISBN - INTERNATIONAL STANDARD BOOK NUMBER
ISBN - International Standard Book Number 9788516070021
040 ## - FONTE DA CATALOGAÇÃO
Instituição que transcreveu o registro Anchieta - Pituba
100 ## - ENTRADA PRINCIPAL--NOME PESSOAL
Nome pessoal Haberdasher, Violet
240 10 - TÍTULO UNIFORME
Título uniforme Academia knightley
Idioma da obra por
245 10 - TÍTULO
Título Academia knightley
300 ## - DESCRIÇÃO FÍSICA
Extensão 415
362 0# - DATAS DE PUBLICAÇÃO E/OU DESIGNAÇÃO SEQUENCIAL
Datas de publicação e/ou designação sequencial 2011
650 #4 - ASSUNTO--TERMO TÓPICO
Cabeçalho tópico ou nome geográfico Ficção norte-americana
942 ## - ELEMENTOS DE ENTRADA ADICIONADOS (KOHA)
Tipo de material Koha Livros
Holdings
Situação do descarte Situação das perdas Situação física Não pode ser emprestado Biblioteca de origem Biblioteca atual Data de aquisição Total de empréstimos Número de chamada completo Código de barras Data de último acesso Data do preço efetivo Tipo de material Koha Data do último empréstimo
        Colégio Anchieta - Pituba Colégio Anchieta - Pituba 21/11/2023   813 H114a HAB ACA 14644/PIT 21/11/2023 21/11/2023 Livros  
        Colégio Anchieta - Pituba Colégio Anchieta - Pituba 21/11/2023   813 H114a HAB ACA 14646/PIT 21/11/2023 21/11/2023 Livros  
        Colégio Anchieta - Pituba Colégio Anchieta - Pituba 21/11/2023   813 H114a HAB ACA 14647/PIT 21/11/2023 21/11/2023 Livros  
        Colégio Anchieta - Pituba Colégio Anchieta - Pituba 21/11/2023   813 H114a HAB ACA 17902/PIT 21/11/2023 21/11/2023 Livros  
        Colégio Anchieta - Pituba Inspira 21/11/2023 3 813 H114a HAB ACA 14645/PIT 21/11/2023 21/11/2023 Livros 21/11/2023